Creative Personal Branding (Record no. 301)

MARC details
000 -LEADER
fixed length control field 01719cam a22004212 4500
001 - CONTROL NUMBER
control field 1859890199
003 - CONTROL NUMBER IDENTIFIER
control field DE-627
005 - DATE AND TIME OF LATEST TRANSACTION
control field 20250218132637.0
007 - PHYSICAL DESCRIPTION FIXED FIELD--GENERAL INFORMATION
fixed length control field cr uuu---uuuuu
008 - FIXED-LENGTH DATA ELEMENTS--GENERAL INFORMATION
fixed length control field 230919s2013 xx |||||o 00| ||eng c
020 ## - INTERNATIONAL STANDARD BOOK NUMBER
International Standard Book Number 9789063693602
035 ## - SYSTEM CONTROL NUMBER
System control number (DE-627)1859890199
035 ## - SYSTEM CONTROL NUMBER
System control number (DE-599)KEP034177337
035 ## - SYSTEM CONTROL NUMBER
System control number (EBC)EBC4045029
035 ## - SYSTEM CONTROL NUMBER
System control number (EBL)EBL4045029
035 ## - SYSTEM CONTROL NUMBER
System control number (EBR)ebr11221429
035 ## - SYSTEM CONTROL NUMBER
System control number (DE-627-1)034177337
040 ## - CATALOGING SOURCE
Original cataloging agency DE-627
Language of cataloging ger
Transcribing agency DE-627
Description conventions rda
041 ## - LANGUAGE CODE
Language code of text/sound track or separate title eng
082 0# - DEWEY DECIMAL CLASSIFICATION NUMBER
Classification number 650.1
100 1# - MAIN ENTRY--PERSONAL NAME
Personal name Salenbacher, Jurgen
Relator term VerfasserIn
Relationship aut
245 10 - TITLE STATEMENT
Title Creative Personal Branding
Remainder of title The Strategy to Answer: What’s next
250 ## - EDITION STATEMENT
Edition statement 1st ed.
264 #1 - PRODUCTION, PUBLICATION, DISTRIBUTION, MANUFACTURE, AND COPYRIGHT NOTICE
Place of production, publication, distribution, manufacture Amsterdam
Name of producer, publisher, distributor, manufacturer BIS Publishers
Date of production, publication, distribution, manufacture, or copyright notice 2013
264 #4 - PRODUCTION, PUBLICATION, DISTRIBUTION, MANUFACTURE, AND COPYRIGHT NOTICE
Date of production, publication, distribution, manufacture, or copyright notice ©2013
300 ## - PHYSICAL DESCRIPTION
Extent 1 online resource (178 pages)
336 ## - CONTENT TYPE
Content type term Text
Content type code txt
Source rdacontent
337 ## - MEDIA TYPE
Media type term Computermedien
Media type code c
Source rdamedia
338 ## - CARRIER TYPE
Carrier type term Online-Ressource
Carrier type code cr
Source rdacarrier
500 ## - GENERAL NOTE
General note Description based on publisher supplied metadata and other sources
520 ## - SUMMARY, ETC.
Summary, etc. In six chapters, Jürgen Salenbacher describes the importance, especially in the creative industries to collaborate, inspire, and to participate creatively and yet efficiently to achieve goals in the global market.
520 ## - SUMMARY, ETC.
Summary, etc. Cover Page -- Table of Contents -- Preface -- 1. Reflect! -- 2. Reframe! -- 3. Create! -- 4. Grow! -- 5. Differentiate! -- 6. Go! -- Notes -- Thanks -- About Author -- Short Booklist -- Back Cover.
951 ## - EQUIVALENCE OR CROSS-REFERENCE--GEOGRAPHIC NAME/AREA NAME [OBSOLETE] [CAN/MARC only]
Geographic name BO
776 1# - ADDITIONAL PHYSICAL FORM ENTRY
International Standard Book Number 9789063693152
776 08 - ADDITIONAL PHYSICAL FORM ENTRY
Relationship information Erscheint auch als
Note Druck-Ausgabe
International Standard Book Number 9789063693152
856 40 - ELECTRONIC LOCATION AND ACCESS
Uniform Resource Identifier <a href="https://ebookcentral.proquest.com/lib/kxp/detail.action?docID=4045029">https://ebookcentral.proquest.com/lib/kxp/detail.action?docID=4045029</a>
Contact for access assistance X:EBC
Public note lizenzpflichtig
942 ## - ADDED ENTRY ELEMENTS (KOHA)
Source of classification or shelving scheme Dewey Decimal Classification
Koha item type Books
Suppress in OPAC No
Holdings
Withdrawn status Lost status Source of classification or shelving scheme Damaged status Not for loan Home library Current library Date acquired Total checkouts Barcode Date last seen Copy number Price effective from Koha item type
    Dewey Decimal Classification     Semantic Foundation / Ausstellungsstraße Semantic Foundation / Ausstellungsstraße 02/18/2025   0000000000369 02/18/2025 1 02/18/2025 Books